Kimlik inşası / (Kayıt no. 10285)

MARC ayrıntıları
000 -BAŞLIK
Sabit Uzunluktaki Kontrol Alanı 00774nam a22002177a 4500
003 - KONTROL NUMARASI KİMLİĞİ
Kontrol Alanı KOHA_MİRAKIL
005 - EN SON İŞLEM TARİHİ ve ZAMANI
Kontrol Alanı 20260416102920.0
008 - SABİT UZUNLUKTAKİ VERİ ÖGELERİ - GENEL BİLGİ
Sabit Alan 260416b tu ||||| |||| 00| 0 tur d
020 ## - ISBN - ULUSLARARASI STANDART KİTAP NUMARASI
Isbn 9789755339863
040 ## - KATALOGLAMA KAYNAĞI
Özgün Kataloglama Kurumu TR-AnABB
Kataloglama Dili tur
Çeviri Kurumu TR-AnABB
041 ## - DİL KODU
Metin ya da ses kaydının dil kodu tur
082 ## - DEWEY ONU SINIFLAMA SİSTEMİ
Sınıflama Numarası 302.4
Cutter numarası BIL 2007
100 1# - KİŞİ ADI
Yazar Adı (Kişi adı) Bilgin, Nuri
245 10 - ESER ADI BİLDİRİMİ
Başlık Kimlik inşası /
Sorumluluk Bildirimi Nuri Bilgin
260 ## - YAYIN, DAĞITIM, VB.
Yayın Yeri Ankara :
Yayınevi İmge Kitabevi yayınları,
Yayın Tarihi 2023
300 ## - FİZİKSEL TANIMLAMA
Sayfa, Cilt vb. 476 sayfa ;
Boyutları 20 cm
505 ## - İÇİNDEKİLER NOTU
İçindekiler Notu İçindekiler: Kimliğin yükselişi - Çeşitli perspektiflerden kimlik inşası - Ötekinin icadı ve inşası - Kolektif Bellek ve Kimlik - Kentsel kimlik inşası - Ulusal kimlik inşası
650 04 - KONU BAŞLIĞI EK GİRİŞ - KONU TERİMİ
Konusal terim veya coğrafi ad Sosyal psikoloji
900 ## - YEREL BİLGİ
Kontrol Can ÇELIK
942 ## - EK GİRİŞ ÖGELERİ (KOHA)
Sınıflama Kaynağı Dewey Decimal Classification
Materyal Türü Kitap
Mevcut
Geri Çekilme Durumu Kayıp Durumu Sınıflandırma Kaynağı Kredi için değil Kalıcı Konum Mevcut Konum Kayıt Tarih Toplam Ödünçverme Yer Numarası Demirbaş Numarası Son Görülme Tarihi Fatura Tarihi Materyal Türü
    Dewey Decimal Classification   Prof. Dr. Ruşen Keleş Kütüphanesi Prof. Dr. Ruşen Keleş Kütüphanesi 16/04/2026   302.4 BIL 2007 RK7176 16/04/2026 16/04/2026 Kitap